| 000 | 01402 a2200205 4500 | ||
|---|---|---|---|
| 001 | 47250 | ||
| 005 | 20260407155740.0 | ||
| 008 | 260407a1969 arg spa d | ||
| 003 | AR-UNSa-BCEJYS | ||
| 040 |
_aAR-UNSa-BCEJYS _bspa _cAR-UNSa-BCEJYS |
||
| 080 |
_a519.2 _xProbabilidades y estadística matemática |
||
| 245 | 1 | 0 |
_aEstadística _pTeoría y Problemas |
| 264 | 1 |
_aMéxico : _bMcGraw-Hill _c1969 |
|
| 300 |
_a356 p. _c24 cm. |
||
| 505 | _a1. Variables gráficos - 2. Distribuciones de frecuencias - 3. Media, mediana, moda y otras medidas de tendencia central - 4. La desviación típica y otras medidas de dispersión - 5. Momentos, sesgo y curtósis - 6. Teoría elemental de probabilidades - 7. Las distribuciones binomial, normal y de Poisson - 8. Teoría elemental del muestreo - 9. Teoría de la estimación estadística - 10. Teoría estadística de las decisiones - 11. Teoría de pequeñas muestras - 12. Test JI-CUADRADO - 13. Ajuste de curvas y el método de mínimos cuadrados - 14. Teoría de la correlación - 15. Correlación múltiple y parcial - 16. Análisis de varianza - 17. Contrastes no paramétricos - 18. Análisis de series en el tiempo - 19. Números índice. | ||
| 942 | _cBK | ||
| 590 | _aniveau_biblio:m niveau_hierar:0 | ||
| 100 | 1 | _aSpiegel, Murray R. | |
| 856 | 4 | 1 |
_uhttps://www.biblioeco.unsa.edu.ar/pmb/images/libros/L127443.jpg _yImagen de portada _qimage/jpeg |
| 999 |
_c4326 _d4326 |
||